[Event "13. Golden Prague Rapid Open"]
[Site "Praha"]
[Date "2017.07.01"]
[Round "4.5"]
[White "Chudinovskikh, Alexander M"]
[Black "Pribyl, Josef"]
[Result "0-1"]
[WhiteElo "2250"]
[BlackElo "2240"]
[Annotator ""]
[Source ""]
[Remark ""]

1.d4 {[%clk 0:12:04]} Nf6 {[%clk 0:12:05]} 2.Nf3 {[%clk 0:12:05]}
g6 {[%clk 0:12:07]} 3.g3 {[%clk 0:12:07]} Bg7 {[%clk 0:12:09]}
4.Bg2 {[%clk 0:12:09]} d5 {[%clk 0:12:12]} 5.O-O O-O 6.c4 {[%clk 0:12:07]}
dxc4 {[%clk 0:12:14]} 7.Na3 {[%clk 0:12:08]} Nc6 {[%clk 0:12:12]}
8.Nxc4 {[%clk 0:12:04]} Be6 {[%clk 0:12:14]} 9.Nfe5 {[%clk 0:11:35]}
Nxd4 {[%clk 0:11:54]} 10.Bxb7 {[%clk 0:11:14]} Rb8 {[%clk 0:11:56]}
11.Bg2 {[%clk 0:10:56]} Ng4 {[%clk 0:11:44]} 12.f4 {[%clk 0:08:52]}
f6 {[%clk 0:11:15]} 13.Nxg4 {[%clk 0:08:02]} Bxc4 {[%clk 0:11:08]}
14.Be3 {[%clk 0:07:30]} Nxe2+ {[%clk 0:10:30]} 15.Kh1 {[%clk 0:07:23]}
Rxb2 {[%clk 0:10:28]} 16.Bxa7 {[%clk 0:06:47]} Nc3 {[%clk 0:08:57]}
17.Qxd8 {[%clk 0:06:41]} Rxd8 {[%clk 0:08:59]} 18.Rfc1 {[%clk 0:06:35]}
f5 {[%clk 0:07:35]} 19.Ne5 {[%clk 0:06:20]} Bd5 {[%clk 0:06:33]}
20.Bxd5+ {[%clk 0:06:10]} Nxd5 {[%clk 0:06:34]} 21.Bd4 {[%clk 0:05:24]}
Rd2 {[%clk 0:06:26]} 22.Nc6 {[%clk 0:04:23]} Bxd4 {[%clk 0:06:19]}
23.Nxd8 {[%clk 0:04:17]} Bxa1 {[%clk 0:06:19]} 24.Rxa1 {[%clk 0:04:18]}
Nc3 {[%clk 0:06:06]} 25.Nc6 {[%clk 0:04:13]} Rxa2 {[%clk 0:06:00]}
26.Rc1 {[%clk 0:03:53]} Nd5 {[%clk 0:05:52]} 27.Rd1 {[%clk 0:03:03]}
e6 {[%clk 0:05:53]} 28.Re1 {[%clk 0:03:02]} Ra6 {[%clk 0:05:04]}
29.Nd8 {[%clk 0:02:29]} c5 {[%clk 0:04:25]} 30.Nxe6 {[%clk 0:02:01]}
c4 {[%clk 0:04:26]} 31.Ng5 {[%clk 0:01:34]} c3 {[%clk 0:04:17]}
32.Re8+ {[%clk 0:01:22]} Kg7 {[%clk 0:04:18]} 33.Rc8 {[%clk 0:01:21]}
Ra2 {[%clk 0:04:01]} 34.Ne6+ {[%clk 0:01:12]} Kf6 {[%clk 0:03:55]}
35.Nd4 {[%clk 0:01:12]} Rd2 {[%clk 0:03:51]} 36.Rc4 {[%clk 0:01:03]}
Rd1+ {[%clk 0:03:44]} 0-1

[Event "13. Golden Prague Rapid Open"]
[Site "Praha"]
[Date "2017.07.01"]
[Round "4.6"]
[White "Reznicek, Marcel"]
[Black "Fedorov, Evgueny"]
[Result "0-1"]
[WhiteElo "2091"]
[BlackElo "2251"]
[Annotator ""]
[Source ""]
[Remark ""]

1.h4 {[%clk 0:12:04]} d5 {[%clk 0:11:58]} 2.h5 {[%clk 0:12:06]}
h6 {[%clk 0:11:48]} 3.c3 {[%clk 0:12:08]} Nf6 {[%clk 0:11:34]}
4.d4 {[%clk 0:12:10]} Bf5 {[%clk 0:09:49]} 5.Nf3 {[%clk 0:12:07]}
e6 {[%clk 0:09:47]} 6.Ne5 {[%clk 0:12:07]} Nbd7 {[%clk 0:09:23]}
7.e3 {[%clk 0:12:05]} Bd6 {[%clk 0:09:03]} 8.f4 {[%clk 0:11:47]}
c5 {[%clk 0:08:05]} 9.Nd2 {[%clk 0:11:19]} Bxe5 {[%clk 0:06:20]}
10.dxe5 {[%clk 0:11:06]} Ne4 {[%clk 0:05:57]} 11.g4 {[%clk 0:11:04]}
Bh7 {[%clk 0:05:45]} 12.Bg2 {[%clk 0:10:57]} Qb6 {[%clk 0:04:16]}
13.Nxe4 {[%clk 0:10:26]} dxe4 {[%clk 0:04:14]} 14.Qa4 {[%clk 0:10:12]}
O-O-O {[%clk 0:02:14]} 15.Bxe4 {[%clk 0:10:02]} Bxe4 {[%clk 0:02:15]}
16.Qxe4 {[%clk 0:10:03]} f6 {[%clk 0:02:12]} 17.exf6 {[%clk 0:09:52]}
Nxf6 {[%clk 0:02:13]} 18.Qf3 {[%clk 0:09:50]} Qa6 {[%clk 0:01:55]}
19.Rh2 {[%clk 0:08:50]} Rd3 {[%clk 0:01:51]} 20.g5 {[%clk 0:08:25]}
hxg5 {[%clk 0:01:20]} 21.fxg5 {[%clk 0:08:27]} Nd7 {[%clk 0:01:12]}
22.h6 {[%clk 0:07:54]} gxh6 {[%clk 0:00:33]} 23.Rxh6 {[%clk 0:07:42]}
Rf8 {[%clk 0:00:29]} 24.Qe2 {[%clk 0:06:50]} Ne5 {[%clk 0:00:30]}
25.Rf6 {[%clk 0:06:29]} Rfd8 {[%clk 0:00:21]} 26.g6 {[%clk 0:04:56]}
Rd1+ {[%clk 0:00:23]} 27.Qxd1 {[%clk 0:04:34]} Rxd1+ {[%clk 0:00:25]}
28.Kxd1 {[%clk 0:04:37]} Qa4+ {[%clk 0:00:27]} 29.b3 {[%clk 0:04:12]}
Qg4+ {[%clk 0:00:28]} 30.Kc2 {[%clk 0:04:11]} Qe4+ {[%clk 0:00:22]}
31.Kb2 {[%clk 0:04:06]} Nd3+ {[%clk 0:00:23]} 32.Ka3 {[%clk 0:04:08]}
Qg2 {[%clk 0:00:20]} 33.Rxe6 {[%clk 0:03:48]} b5 {[%clk 0:00:22]}
34.e4 {[%clk 0:02:56]} b4+ {[%clk 0:00:22]} 35.cxb4 {[%clk 0:02:58]}
cxb4+ {[%clk 0:00:24]} 36.Ka4 {[%clk 0:02:47]} Nc5+ {[%clk 0:00:26]}
37.Kxb4 {[%clk 0:02:48]} Nxe6 {[%clk 0:00:28]} 38.Be3 {[%clk 0:02:46]}
Qxe4+ {[%clk 0:00:29]} 39.Kb5 {[%clk 0:02:44]} Qxe3 {[%clk 0:00:26]}
40.Rc1+ {[%clk 0:02:47]} Qxc1 {[%clk 0:00:27]} 41.a4 {[%clk 0:02:47]}
Qc5+ {[%clk 0:00:25]} 0-1

[Event "13. Golden Prague Rapid Open"]
[Site "Praha"]
[Date "2017.07.01"]
[Round "4.7"]
[White "Rydl, Jiri"]
[Black "Janacek, Jaroslav"]
[Result "1-0"]
[WhiteElo "2196"]
[BlackElo "1972"]
[Annotator ""]
[Source ""]
[Remark ""]

1.c4 {[%clk 0:12:03]} e5 {[%clk 0:12:05]} 2.g3 {[%clk 0:12:03]}
d6 {[%clk 0:12:03]} 3.Nc3 {[%clk 0:12:04]} f5 {[%clk 0:12:05]}
4.d4 {[%clk 0:11:56]} Be7 {[%clk 0:11:26]} 5.Bg2 {[%clk 0:10:54]}
c6 {[%clk 0:11:13]} 6.e3 {[%clk 0:10:29]} Nf6 {[%clk 0:11:08]}
7.Nge2 {[%clk 0:10:30]} O-O {[%clk 0:10:40]} 8.O-O {[%clk 0:10:27]}
Kh8 {[%clk 0:10:26]} 9.b3 {[%clk 0:10:11]} Qe8 {[%clk 0:10:14]}
10.Qd2 {[%clk 0:09:34]} Qh5 {[%clk 0:10:11]} 11.Ba3 {[%clk 0:08:54]}
e4 {[%clk 0:08:04]} 12.h3 {[%clk 0:08:28]} g5 {[%clk 0:07:25]}
13.f3 {[%clk 0:08:29]} exf3 14.Rxf3 {[%clk 0:08:30]} Rg8 {[%clk 0:06:36]}
15.Rf2 {[%clk 0:08:24]} a5 {[%clk 0:06:23]} 16.d5 {[%clk 0:08:03]}
c5 {[%clk 0:06:20]} 17.Bb2 {[%clk 0:07:44]} Qg6 {[%clk 0:06:12]}
18.e4 {[%clk 0:07:36]} h6 {[%clk 0:04:21]} 19.exf5 {[%clk 0:07:21]}
Qg7 {[%clk 0:03:59]} 20.g4 {[%clk 0:06:58]} Nbd7 {[%clk 0:04:01]}
21.Ng3 {[%clk 0:06:59]} Ne5 {[%clk 0:04:02]} 22.Nce4 {[%clk 0:06:56]}
a4 {[%clk 0:03:39]} 23.Nxc5 {[%clk 0:06:10]} Nfxg4 {[%clk 0:03:16]}
24.hxg4 {[%clk 0:06:07]} dxc5 25.Nh5 {[%clk 0:06:02]} Nxg4 {[%clk 0:02:27]}
26.Nxg7 {[%clk 0:05:32]} Nxf2 {[%clk 0:01:59]} 27.Qxf2 {[%clk 0:05:32]}
Bxf5 {[%clk 0:00:56]} 1-0

[Event "13. Golden Prague Rapid Open"]
[Site "Praha"]
[Date "2017.07.01"]
[Round "4.8"]
[White "Benes, Petr"]
[Black "Horinek, Karel"]
[Result "1-0"]
[WhiteElo "2137"]
[BlackElo "1962"]
[Annotator ""]
[Source ""]
[Remark ""]

1.c4 Nf6 2.g3 g6 3.Bg2 Bg7 4.Nc3 c6 5.e4 d6 6.Nge2 O-O 7.O-O
e5 8.b3 Ne8 9.d4 exd4 10.Nxd4 Na6 11.Bf4 Nac7 12.Rc1 Ne6 13.Be3
Qc7 14.Qd2 Bd7 15.Rfd1 Rd8 16.Nde2 Bc8 17.f4 f5 18.exf5 gxf5
19.Bh3 b6 20.b4 Qf7 21.Qc2 Qh5 22.Bg2 Bd7 23.b5 c5 24.Nd5 Bc8
25.Ne7+ Kh8 26.Nc6 Rd7 27.Nc3 Nf6 28.Qe2 Qxe2 29.Nxe2 Ng4 30.Bd2
Nf6 31.Bc3 Bb7 32.Rd3 Nd8 33.Rcd1 Ne8 34.Ne5 Re7 35.Kf2 Bxg2
36.Kxg2 Nf7 37.Nxf7+ Rfxf7 38.Bxg7+ Kxg7 39.Nc3 Re6 40.Kf3 Rfe7
41.Nd5 Rb7 42.g4 fxg4+ 43.Kxg4 Rg6+ 44.Kf3 h5 45.h3 h4 46.f5
Rg3+ 47.Kf4 Rxd3 48.Rxd3 Kh6 49.Rd2 Rg7 50.Ne3 Kh5 51.Ng4 Rf7
52.Rd5 Rf8 53.f6+ Kg6 54.Rg5+ Kf7 55.Kf5 Rh8 56.a4 Kf8 57.Ke6
d5 58.cxd5 Nc7+ 59.Kd6 Nxd5 60.Kxd5 Ke8 61.Ke6 c4 1-0

[Event "13. Golden Prague Rapid Open"]
[Site "Praha"]
[Date "2017.07.01"]
[Round "4.9"]
[White "Pipek, Petr"]
[Black "Tsenov, Tsvetoslav"]
[Result "1/2-1/2"]
[WhiteElo "1707"]
[BlackElo "2129"]
[Annotator ""]
[Source ""]
[Remark ""]

1.d4 {[%clk 0:12:04]} d6 {[%clk 0:12:01]} 2.c4 {[%clk 0:12:05]}
e5 {[%clk 0:12:03]} 3.dxe5 {[%clk 0:12:06]} dxe5 {[%clk 0:12:05]}
4.Qxd8+ {[%clk 0:12:07]} Kxd8 {[%clk 0:12:07]} 5.Nc3 {[%clk 0:12:08]}
Bb4 {[%clk 0:11:37]} 6.Bd2 {[%clk 0:12:07]} Nf6 {[%clk 0:11:12]}
7.g3 {[%clk 0:12:05]} c6 {[%clk 0:10:56]} 8.Bg2 {[%clk 0:12:05]}
Ke7 {[%clk 0:10:56]} 9.a3 {[%clk 0:12:07]} Bd6 {[%clk 0:10:31]}
10.Nf3 {[%clk 0:12:05]} Be6 {[%clk 0:10:21]} 11.b3 {[%clk 0:11:59]}
h6 {[%clk 0:10:21]} 12.O-O {[%clk 0:11:59]} a5 {[%clk 0:10:15]}
13.Be3 {[%clk 0:11:07]} Nbd7 {[%clk 0:09:51]} 14.Rfd1 {[%clk 0:10:57]}
Ng4 {[%clk 0:09:20]} 15.Bc1 {[%clk 0:10:32]} Rhd8 {[%clk 0:08:19]}
16.Bb2 {[%clk 0:09:52]} f5 {[%clk 0:07:25]} 17.e4 {[%clk 0:09:23]}
Bc5 {[%clk 0:06:34]} 18.Rd2 {[%clk 0:07:02]} f4 {[%clk 0:05:26]}
19.Na4 {[%clk 0:05:44]} Bd6 20.Rad1 {[%clk 0:05:44]} Bc7 {[%clk 0:04:53]}
21.gxf4 {[%clk 0:05:20]} exf4 {[%clk 0:04:52]} 22.Bxg7 {[%clk 0:05:14]}
Rg8 {[%clk 0:04:31]} 23.Bd4 {[%clk 0:05:04]} b6 {[%clk 0:03:50]}
24.Bb2 {[%clk 0:04:43]} Nde5 {[%clk 0:03:40]} 25.Nxe5 {[%clk 0:04:42]}
Nxe5 {[%clk 0:03:21]} 26.Bxe5 {[%clk 0:04:38]} Bxe5 {[%clk 0:03:23]}
27.Kh1 {[%clk 0:04:28]} Raf8 {[%clk 0:03:02]} 28.Bf3 {[%clk 0:04:15]}
Bc7 {[%clk 0:02:43]} 29.Nc3 {[%clk 0:03:50]} h5 {[%clk 0:02:39]}
30.Ne2 {[%clk 0:03:33]} Rg5 31.Nd4 {[%clk 0:03:23]} Bd7 {[%clk 0:01:03]}
32.Nb5 Bg4 {[%clk 0:00:34]} 33.Bxg4 {[%clk 0:02:59]} cxb5 {[%clk 0:00:36]}
34.Rd7+ {[%clk 0:02:48]} Kf6 35.Bf5 {[%clk 0:02:43]} Be5 {[%clk 0:00:37]}
36.cxb5 Rxf5 37.exf5 Kxf5 1/2-1/2

[Event "13. Golden Prague Rapid Open"]
[Site "Praha"]
[Date "2017.07.01"]
[Round "4.10"]
[White "Peyrer, Konstantin"]
[Black "Starek, Stanislav"]
[Result "1-0"]
[WhiteElo "1921"]
[BlackElo "2085"]
[Annotator ""]
[Source ""]
[Remark ""]

1.e3 {[%clk 0:12:04]} b6 {[%clk 0:11:49]} 2.c4 {[%clk 0:12:05]}
Bb7 {[%clk 0:11:51]} 3.Nc3 {[%clk 0:12:07]} e6 {[%clk 0:11:49]}
4.d4 f5 5.Nf3 {[%clk 0:12:03]} Nf6 {[%clk 0:11:54]} 6.Bd3 {[%clk 0:12:07]}
Bb4 {[%clk 0:11:55]} 7.O-O {[%clk 0:12:08]} O-O {[%clk 0:11:57]}
8.Qc2 {[%clk 0:12:08]} Bxc3 {[%clk 0:11:51]} 9.bxc3 {[%clk 0:12:06]}
d6 {[%clk 0:11:52]} 10.Nd2 {[%clk 0:12:06]} Nbd7 {[%clk 0:11:47]}
11.e4 {[%clk 0:12:04]} fxe4 {[%clk 0:11:45]} 12.Nxe4 {[%clk 0:12:05]}
Nxe4 {[%clk 0:11:27]} 13.Bxe4 {[%clk 0:12:07]} Bxe4 {[%clk 0:11:29]}
14.Qxe4 {[%clk 0:12:09]} e5 {[%clk 0:09:34]} 15.Be3 {[%clk 0:12:03]}
Qe8 {[%clk 0:09:27]} 16.Rfe1 {[%clk 0:10:46]} exd4 {[%clk 0:08:42]}
17.Qd5+ {[%clk 0:10:33]} Qf7 {[%clk 0:08:39]} 18.Qxf7+ {[%clk 0:10:26]}
Kxf7 {[%clk 0:08:39]} 19.cxd4 {[%clk 0:10:27]} Rae8 {[%clk 0:08:25]}
20.a4 {[%clk 0:10:16]} c5 {[%clk 0:07:18]} 21.Red1 {[%clk 0:09:57]}
Re4 {[%clk 0:06:38]} 22.dxc5 {[%clk 0:09:49]} Nxc5 {[%clk 0:06:40]}
23.Rxd6 {[%clk 0:09:32]} Rxc4 {[%clk 0:04:28]} 24.Bxc5 {[%clk 0:09:26]}
bxc5 {[%clk 0:04:29]} 25.Rd7+ {[%clk 0:09:14]} Kf6 {[%clk 0:04:29]}
26.Rxa7 {[%clk 0:09:13]} Rd8 {[%clk 0:04:31]} 27.g3 {[%clk 0:09:08]}
Rd2 {[%clk 0:04:25]} 28.Ra3 {[%clk 0:08:57]} g5 {[%clk 0:03:14]}
29.h3 {[%clk 0:08:07]} Rc1+ {[%clk 0:03:09]} 30.Kg2 {[%clk 0:08:08]}
h5 {[%clk 0:03:04]} 31.Rf3+ {[%clk 0:08:00]} Ke6 {[%clk 0:02:47]}
32.Ra6+ {[%clk 0:07:53]} Ke5 {[%clk 0:02:42]} 33.g4 {[%clk 0:07:41]}
hxg4 {[%clk 0:02:42]} 34.hxg4 {[%clk 0:07:44]} c4 {[%clk 0:01:58]}
35.Rf5+ {[%clk 0:06:49]} Ke4 {[%clk 0:01:47]} 36.Re6+ {[%clk 0:05:48]}
Kd3 {[%clk 0:01:49]} 37.Rd6+ {[%clk 0:05:48]} Kc2 {[%clk 0:01:44]}
38.Rxd2+ {[%clk 0:03:39]} Kxd2 {[%clk 0:01:45]} 39.Rd5+ {[%clk 0:02:19]}
Kc3 {[%clk 0:01:27]} 40.Rxg5 {[%clk 0:02:19]} Kb4 {[%clk 0:01:29]}
41.Rg8 {[%clk 0:02:10]} Rd1 {[%clk 0:01:17]} 42.Rb8+ {[%clk 0:02:05]}
Kxa4 {[%clk 0:01:17]} 43.g5 {[%clk 0:01:26]} c3 {[%clk 0:01:06]}
44.Rc8 {[%clk 0:01:26]} Kb3 {[%clk 0:01:05]} 45.f4 {[%clk 0:01:19]}
Rd4 {[%clk 0:01:07]} 46.Rb8+ {[%clk 0:00:35]} Ka2 {[%clk 0:00:55]}
47.Rc8 {[%clk 0:00:36]} Kb3 {[%clk 0:00:40]} 48.Kf3 {[%clk 0:00:38]}
Rc4 {[%clk 0:00:40]} 49.Rh8 {[%clk 0:00:37]} Rd4 {[%clk 0:00:26]}
50.Rh1 {[%clk 0:00:37]} Kb2 {[%clk 0:00:26]} 51.g6 {[%clk 0:00:38]}
c2 {[%clk 0:00:29]} 52.Rh2 {[%clk 0:00:40]} 1-0

[Event "13. Golden Prague Rapid Open"]
[Site "Praha"]
[Date "2017.07.01"]
[Round "4.11"]
[White "Rahul, Srivasthav Peddi"]
[Black "Festa, Samuele"]
[Result "1-0"]
[WhiteElo "1822"]
[BlackElo "2078"]
[Annotator ""]
[Source ""]
[Remark ""]

1.d4 {[%clk 0:12:04]} Nf6 {[%clk 0:12:04]} 2.Bf4 {[%clk 0:12:05]}
d5 {[%clk 0:11:57]} 3.e3 {[%clk 0:12:06]} Bf5 {[%clk 0:11:44]}
4.c4 {[%clk 0:12:08]} e6 {[%clk 0:11:10]} 5.Nc3 {[%clk 0:12:09]}
c6 {[%clk 0:10:48]} 6.Qb3 {[%clk 0:12:10]} Qb6 {[%clk 0:10:24]}
7.c5 {[%clk 0:12:12]} Qxb3 {[%clk 0:09:55]} 8.axb3 {[%clk 0:12:14]}
Nbd7 {[%clk 0:09:31]} 9.h3 {[%clk 0:12:15]} Be7 {[%clk 0:08:18]}
10.b4 {[%clk 0:12:16]} O-O {[%clk 0:08:15]} 11.b5 {[%clk 0:12:18]}
e5 {[%clk 0:07:33]} 12.dxe5 {[%clk 0:12:09]} Ne4 {[%clk 0:07:35]}
13.Nxe4 {[%clk 0:11:47]} dxe4 {[%clk 0:07:21]} 14.b4 {[%clk 0:11:45]}
f6 {[%clk 0:07:21]} 15.Bc4+ {[%clk 0:11:32]} Kh8 {[%clk 0:07:21]}
16.e6 {[%clk 0:11:25]} Ne5 {[%clk 0:07:13]} 17.Bxe5 {[%clk 0:11:25]}
fxe5 {[%clk 0:07:13]} 18.Ne2 {[%clk 0:11:25]} cxb5 {[%clk 0:05:51]}
19.Bd5 {[%clk 0:11:18]} a5 {[%clk 0:05:05]} 20.Bxb7 {[%clk 0:10:19]}
Rab8 {[%clk 0:05:05]} 21.Bd5 {[%clk 0:10:14]} axb4 {[%clk 0:05:06]}
22.O-O {[%clk 0:09:57]} Bxc5 {[%clk 0:04:16]} 23.Rfc1 {[%clk 0:09:58]}
Bd6 {[%clk 0:04:17]} 24.Ng3 {[%clk 0:09:56]} Bg6 {[%clk 0:03:36]}
25.h4 {[%clk 0:09:55]} h5 {[%clk 0:03:20]} 26.Bxe4 {[%clk 0:09:54]}
Bxe4 {[%clk 0:03:10]} 27.Nxe4 {[%clk 0:09:55]} Be7 {[%clk 0:03:03]}
28.Ra7 {[%clk 0:09:34]} Bxh4 {[%clk 0:02:27]} 29.Rb1 {[%clk 0:09:36]}
Rfe8 {[%clk 0:02:20]} 30.Rxb4 {[%clk 0:09:16]} Rxe6 {[%clk 0:02:21]}
31.Nc5 {[%clk 0:08:52]} Be7 {[%clk 0:01:50]} 32.Rxb5 {[%clk 0:08:47]}
Rxb5 {[%clk 0:01:39]} 33.Nxe6 {[%clk 0:08:48]} Bf6 {[%clk 0:01:29]}
34.g3 {[%clk 0:08:47]} Rb4 {[%clk 0:01:24]} 35.Nf8 {[%clk 0:08:29]}
Kg8 1-0

[Event "13. Golden Prague Rapid Open"]
[Site "Praha"]
[Date "2017.07.01"]
[Round "4.12"]
[White "Pochinkov, Andrey"]
[Black "Pribyl, Viktor"]
[Result "1-0"]
[WhiteElo "2021"]
[BlackElo "1925"]
[Annotator ""]
[Source ""]
[Remark ""]

1.Nf3 {[%clk 0:12:04]} Nf6 {[%clk 0:12:05]} 2.b3 {[%clk 0:12:05]}
d5 {[%clk 0:12:06]} 3.Bb2 {[%clk 0:12:05]} Bf5 {[%clk 0:12:08]}
4.e3 {[%clk 0:12:05]} e6 {[%clk 0:12:09]} 5.d4 {[%clk 0:12:06]}
Bd6 {[%clk 0:12:06]} 6.Be2 {[%clk 0:12:05]} Ne4 {[%clk 0:12:06]}
7.Nbd2 {[%clk 0:12:05]} Nd7 {[%clk 0:12:06]} 8.c4 {[%clk 0:11:42]}
c6 {[%clk 0:12:08]} 9.h3 {[%clk 0:11:15]} h5 {[%clk 0:12:02]}
10.c5 {[%clk 0:10:17]} Bc7 {[%clk 0:12:03]} 11.b4 {[%clk 0:10:19]}
a5 {[%clk 0:11:35]} 12.a3 {[%clk 0:10:20]} b5 {[%clk 0:11:32]}
13.Nxe4 {[%clk 0:09:40]} Bxe4 {[%clk 0:11:24]} 14.O-O {[%clk 0:09:29]}
a4 {[%clk 0:11:19]} 15.Ne5 {[%clk 0:09:04]} Nxe5 {[%clk 0:10:51]}
16.dxe5 {[%clk 0:09:04]} Qg5 {[%clk 0:10:18]} 17.f3 {[%clk 0:08:49]}
Qxe3+ {[%clk 0:09:59]} 18.Kh1 {[%clk 0:08:48]} Bf5 {[%clk 0:09:53]}
19.f4 {[%clk 0:08:28]} Qg3 {[%clk 0:09:03]} 20.Rf3 {[%clk 0:07:53]}
Qh4 {[%clk 0:09:03]} 21.Kh2 {[%clk 0:07:40]} g5 {[%clk 0:07:38]}
22.fxg5 {[%clk 0:07:08]} Qxg5 {[%clk 0:07:31]} 23.Qd4 {[%clk 0:06:50]}
h4 {[%clk 0:07:24]} 24.Raf1 {[%clk 0:06:11]} Be4 {[%clk 0:07:14]}
25.R3f2 {[%clk 0:05:59]} f6 {[%clk 0:06:56]} 26.Qd1 {[%clk 0:05:47]}
O-O-O {[%clk 0:06:13]} 27.Bg4 {[%clk 0:05:33]} Bxe5+ {[%clk 0:06:10]}
28.Kg1 {[%clk 0:05:28]} Bxb2 {[%clk 0:05:35]} 29.Bxe6+ {[%clk 0:05:28]}
Kb7 {[%clk 0:05:32]} 30.Rxb2 {[%clk 0:05:28]} Qe5 {[%clk 0:05:20]}
31.Qg4 {[%clk 0:05:15]} Rh7 {[%clk 0:02:39]} 32.Rbf2 {[%clk 0:05:04]}
Qd4 {[%clk 0:01:58]} 33.Kh1 {[%clk 0:04:30]} f5 {[%clk 0:01:45]}
34.Bxf5 {[%clk 0:04:29]} Rg7 {[%clk 0:01:48]} 35.Qe2 {[%clk 0:03:49]}
Re8 {[%clk 0:00:28]} 36.Bxe4 {[%clk 0:03:49]} dxe4 {[%clk 0:00:25]}
37.Rf7+ {[%clk 0:03:45]} Rxf7 {[%clk 0:00:27]} 38.Rxf7+ {[%clk 0:03:47]}
Ka8 {[%clk 0:00:19]} 39.Rf4 {[%clk 0:03:08]} Qa1+ {[%clk 0:00:20]}
40.Rf1 {[%clk 0:02:49]} Qxa3 {[%clk 0:00:16]} 41.Qh5 {[%clk 0:02:45]}
Rc8 {[%clk 0:00:08]} 42.Qf5 {[%clk 0:02:46]} Rb8 {[%clk 0:00:08]}
43.Qxe4 {[%clk 0:02:46]} Rc8 {[%clk 0:00:06]} 44.Rf7 {[%clk 0:02:39]}
Qc1+ {[%clk 0:00:06]} 45.Kh2 {[%clk 0:02:40]} Qg5 {[%clk 0:00:05]}
46.Qf5 {[%clk 0:02:26]} Qxf5 {[%clk 0:00:07]} 47.Rxf5 {[%clk 0:02:27]}
Rc7 {[%clk 0:00:08]} 48.Rf3 {[%clk 0:02:26]} Ra7 {[%clk 0:00:09]}
49.Ra3 {[%clk 0:02:28]} Kb8 {[%clk 0:00:10]} 50.g3 {[%clk 0:02:30]}
hxg3+ {[%clk 0:00:09]} 51.Kxg3 {[%clk 0:02:31]} Kc8 {[%clk 0:00:10]}
52.Kf4 {[%clk 0:02:32]} Rf7+ {[%clk 0:00:11]} 53.Ke5 {[%clk 0:02:34]}
Kc7 {[%clk 0:00:10]} 54.h4 {[%clk 0:02:35]} Rh7 {[%clk 0:00:11]}
55.Rh3 {[%clk 0:02:37]} Kd7 {[%clk 0:00:12]} 56.Kf6 {[%clk 0:02:39]}
Rh6+ {[%clk 0:00:08]} 57.Kg7 {[%clk 0:02:37]} Re6 {[%clk 0:00:09]}
58.h5 {[%clk 0:02:38]} Re7+ {[%clk 0:00:08]} 59.Kf6 {[%clk 0:02:40]}
Re6+ {[%clk 0:00:10]} 60.Kf5 {[%clk 0:02:42]} Rh6 {[%clk 0:00:08]}
61.Kg5 {[%clk 0:02:43]} Re6 {[%clk 0:00:08]} 62.h6 {[%clk 0:02:45]}
Re8 {[%clk 0:00:08]} 63.h7 {[%clk 0:02:46]} Ke6 {[%clk 0:00:08]}
64.h8Q {[%clk 0:02:47]} Rxh8 {[%clk 0:00:11]} 65.Rxh8 {[%clk 0:02:48]}
Kd5 {[%clk 0:00:12]} 66.Kf5 {[%clk 0:02:38]} Kc4 {[%clk 0:00:15]}
67.Rh4+ {[%clk 0:02:40]} Kb3 {[%clk 0:00:17]} 68.Ke5 {[%clk 0:02:39]}
a3 {[%clk 0:00:19]} 69.Kd6 {[%clk 0:02:39]} a2 {[%clk 0:00:21]}
70.Rh1 {[%clk 0:02:41]} Kxb4 {[%clk 0:00:16]} 71.Kxc6 {[%clk 0:02:42]}
Kc4 {[%clk 0:00:09]} 72.Kd6 {[%clk 0:02:40]} b4 {[%clk 0:00:11]}
73.c6 {[%clk 0:02:42]} b3 {[%clk 0:00:13]} 74.c7 {[%clk 0:02:44]}
b2 {[%clk 0:00:15]} 75.c8Q+ {[%clk 0:02:46]} Kd4 {[%clk 0:00:14]}
76.Qc5+ {[%clk 0:02:47]} Kd3 {[%clk 0:00:16]} 77.Rh3+ {[%clk 0:02:48]}
Ke2 {[%clk 0:00:18]} 78.Qc2+ {[%clk 0:02:49]} Kf1 {[%clk 0:00:20]}
79.Rh1# 1-0

[Event "13. Golden Prague Rapid Open"]
[Site "Praha"]
[Date "2017.07.01"]
[Round "4.13"]
[White "Plasek, Zdenek"]
[Black "Zvacek, Antonin"]
[Result "1-0"]
[WhiteElo "1993"]
[BlackElo "1881"]
[Annotator ""]
[Source ""]
[Remark ""]

1.d4 {[%clk 0:12:01]} Nf6 {[%clk 0:12:06]} 2.Bg5 {[%clk 0:12:03]}
d5 {[%clk 0:11:54]} 3.e3 {[%clk 0:11:52]} e6 {[%clk 0:11:52]}
4.Nf3 {[%clk 0:11:49]} b6 {[%clk 0:11:28]} 5.c3 {[%clk 0:11:43]}
h6 {[%clk 0:11:13]} 6.Bf4 {[%clk 0:11:15]} Bd6 {[%clk 0:11:00]}
7.Ne5 {[%clk 0:11:02]} Nfd7 {[%clk 0:09:30]} 8.Bb5 {[%clk 0:10:44]}
Bxe5 {[%clk 0:07:53]} 9.Bxe5 {[%clk 0:10:11]} c6 {[%clk 0:07:20]}
10.Bxb8 {[%clk 0:09:57]} Nxb8 {[%clk 0:07:15]} 11.Bd3 {[%clk 0:09:56]}
Qg5 {[%clk 0:06:38]} 12.O-O {[%clk 0:09:53]} O-O {[%clk 0:05:26]}
13.f4 {[%clk 0:09:52]} Qe7 {[%clk 0:05:19]} 14.Nd2 {[%clk 0:09:53]}
Nd7 {[%clk 0:04:56]} 15.Qh5 {[%clk 0:09:41]} c5 {[%clk 0:03:50]}
16.Rf3 {[%clk 0:09:38]} f5 {[%clk 0:03:11]} 17.Rg3 {[%clk 0:09:33]}
Kh8 {[%clk 0:02:17]} 18.Nf3 {[%clk 0:09:32]} Rf6 {[%clk 0:01:32]}
19.Bb5 {[%clk 0:09:30]} Qf7 {[%clk 0:01:24]} 20.Qh4 {[%clk 0:08:37]}
Nf8 {[%clk 0:01:23]} 21.Ne5 {[%clk 0:08:36]} Qc7 {[%clk 0:01:14]}
22.Be8 {[%clk 0:07:38]} Ba6 {[%clk 0:01:06]} 23.Bh5 {[%clk 0:07:08]}
Bb5 {[%clk 0:00:54]} 24.Re1 {[%clk 0:07:05]} Be8 {[%clk 0:00:53]}
25.Be2 {[%clk 0:06:30]} c4 {[%clk 0:00:50]} 26.Rc1 {[%clk 0:05:18]}
a6 {[%clk 0:00:52]} 27.b3 {[%clk 0:05:17]} b5 {[%clk 0:00:55]}
28.Rf3 {[%clk 0:05:08]} Ng6 {[%clk 0:00:49]} 29.Nxg6+ {[%clk 0:05:07]}
Bxg6 {[%clk 0:00:41]} 30.Rff1 {[%clk 0:05:05]} Bh7 {[%clk 0:00:38]}
31.bxc4 {[%clk 0:04:56]} bxc4 {[%clk 0:00:38]} 32.Rb1 {[%clk 0:04:57]}
Rb8 {[%clk 0:00:38]} 33.Qe1 {[%clk 0:04:55]} Rff8 {[%clk 0:00:36]}
34.Qd2 {[%clk 0:04:55]} Rxb1 {[%clk 0:00:33]} 35.Rxb1 {[%clk 0:04:56]}
Rb8 {[%clk 0:00:35]} 36.Rb2 {[%clk 0:04:58]} Bg6 {[%clk 0:00:25]}
37.Qc2 {[%clk 0:04:58]} Be8 {[%clk 0:00:27]} 38.Qb1 {[%clk 0:04:59]}
Rxb2 {[%clk 0:00:25]} 39.Qxb2 {[%clk 0:05:01]} Bc6 {[%clk 0:00:26]}
40.Bd1 {[%clk 0:04:59]} Kg8 {[%clk 0:00:23]} 41.Bc2 {[%clk 0:05:01]}
Kf7 {[%clk 0:00:23]} 42.Qb4 {[%clk 0:05:03]} Qb7 {[%clk 0:00:23]}
43.Qxb7+ {[%clk 0:04:56]} Bxb7 {[%clk 0:00:25]} 44.Ba4 {[%clk 0:04:57]}
a5 {[%clk 0:00:24]} 45.Kf2 {[%clk 0:04:56]} g5 {[%clk 0:00:23]}
46.fxg5 {[%clk 0:04:46]} hxg5 {[%clk 0:00:25]} 47.g3 {[%clk 0:04:29]}
Bc8 {[%clk 0:00:26]} 48.Bc6 {[%clk 0:04:25]} g4 {[%clk 0:00:25]}
49.Ke2 {[%clk 0:04:22]} Kf6 {[%clk 0:00:21]} 50.Kd2 {[%clk 0:04:19]}
Ke7 {[%clk 0:00:19]} 51.Kc2 {[%clk 0:04:19]} Kd6 {[%clk 0:00:21]}
52.Be8 {[%clk 0:04:17]} Kc7 {[%clk 0:00:20]} 53.Kb2 {[%clk 0:04:17]}
Kd6 {[%clk 0:00:18]} 54.Ka3 {[%clk 0:04:18]} Kc7 {[%clk 0:00:16]}
55.Ka4 {[%clk 0:04:16]} Kb6 {[%clk 0:00:17]} 56.Bb5 {[%clk 0:04:09]}
Bb7 {[%clk 0:00:13]} 57.Bd7 {[%clk 0:04:10]} Ba6 {[%clk 0:00:14]}
58.Bxe6 {[%clk 0:04:07]} Bb5+ {[%clk 0:00:14]} 59.Ka3 {[%clk 0:04:10]}
Be8 {[%clk 0:00:12]} 60.Bxd5 {[%clk 0:04:04]} Bc6 {[%clk 0:00:09]}
61.Bxc4 {[%clk 0:03:50]} Be4 {[%clk 0:00:08]} 62.Kb2 {[%clk 0:03:49]}
Kc6 {[%clk 0:00:05]} 63.Kc1 {[%clk 0:03:51]} a4 {[%clk 0:00:04]}
64.a3 {[%clk 0:03:52]} Kd6 {[%clk 0:00:05]} 65.Kd2 {[%clk 0:03:54]}
Bc6 {[%clk 0:00:07]} 66.Bd3 {[%clk 0:03:53]} Kd5 {[%clk 0:00:08]} 1-0